Cancer, metabolism and ascorbic acid
Elmentve itt :
| Szerző: | |
|---|---|
| Dokumentumtípus: | Cikk |
| Megjelent: |
1985-03
|
| Sorozat: | Nutrition Today
20 No. 2 |
| Online Access: | http://misc.bibl.u-szeged.hu/74158 |
| LEADER | 00600nab a2200169 i 4500 | ||
|---|---|---|---|
| 001 | misc74158 | ||
| 005 | 20241018113311.0 | ||
| 008 | 231207s1985 hu o 000 eng d | ||
| 040 | |a SZTE Miscellanea Repozitórium |b hun | ||
| 041 | |a eng | ||
| 100 | 2 | |a Szent-Györgyi Albert | |
| 245 | 1 | 0 | |a Cancer, metabolism and ascorbic acid |h [elektronikus dokumentum] / |c Szent-Györgyi Albert |
| 260 | |c 1985-03 | ||
| 300 | |a 10-12 | ||
| 490 | 0 | |a Nutrition Today |v 20 No. 2 | |
| 561 | |a Szent-Györgyi Albert tudományos és egyéb írásai | ||
| 856 | 4 | 0 | |u http://misc.bibl.u-szeged.hu/74158/1/szgya_vegyes_095.pdf |z Dokumentum-elérés |